<?xml version="1.0" encoding="UTF-8"?>
<marc:record xmlns:marc="http://www.loc.gov/MARC21/slim">
   <marc:leader>00000nam a2200000 a 4500</marc:leader>
   <marc:datafield ind1="1" ind2=" " tag="100">
      <marc:subfield code="a">Siris, Nihad</marc:subfield>
      <marc:subfield code="4">aut</marc:subfield>
      <marc:subfield code="e">Verfasser/-in</marc:subfield>
   </marc:datafield>
   <marc:datafield ind1="1" ind2=" " tag="100">
      <marc:subfield code="a">Karachouli, Regina</marc:subfield>
   </marc:datafield>
   <marc:datafield ind1="0" ind2="0" tag="245">
      <marc:subfield code="a">Dazwischen Lili</marc:subfield>
   </marc:datafield>
   <marc:datafield ind1="0" ind2="0" tag="245">
      <marc:subfield code="b">Roman</marc:subfield>
   </marc:datafield>
   <marc:datafield ind1="0" ind2="0" tag="245">
      <marc:subfield code="c">Nihad Siris. Übers. von Regina Karachouli</marc:subfield>
   </marc:datafield>
   <marc:datafield ind1=" " ind2="1" tag="264">
      <marc:subfield code="a">Basel</marc:subfield>
      <marc:subfield code="b">Lenos-Verl.</marc:subfield>
      <marc:subfield code="c">2008</marc:subfield>
   </marc:datafield>
   <marc:datafield ind1="1" ind2=" " tag="520">
      <marc:subfield code="a">Eine beeindruckende Diktaturschilderung ohne viel Blutvergießen - trotzdem oder gerade deshalb so beängstigend. (DR) Der syrische Autor Nihad Siris lässt seinen sympathischen Protagonisten - den mit Schreibverbot belegten Schriftsteller Fathi Schín - die furchteinflößenden Mechanismen einer Diktatur erleben. Seine Stelle beim Fernsehen verlor er, als er es ablehnte, in seiner Sendung einen literarischen Wettbewerb über den Großen Führer zu veranstalten. Bei einer von oben diktierten und organisierten Großdemonstration zur Feier des Jahrestages der Übernahme durch den Großen Führer setzt sich Fathi für einen Jungen ein, der von Regierungsschergen verprügelt wird. Aus diesem Grund wird ihm sein Ausweis genommen. Was folgt, ist eine Odyssee durch die bürokratischen Dunkelkammern einer Diktatur. Einzig Ali Hassan, ein hochrangiger Offizier, vermag ihm zu helfen. Hassan will nämlich in Kürze Fathis Mutter heiraten. Schon bald erkennt dieser, dass Hassan ihm nur aus politischen Gründen hilft. Ohne viel Blutvergießen zeigt der Autor die beängstigende Funktionsweise einer Diktatur und kommt dabei immer wieder auf die Rolle der Medien zurück. Ein glaubwürdiges Plädoyer für die Freiheit und ein Aufruf zur Vorsicht an all jene, die die Freiheit nicht zu schätzen wissen. Sehr spannend, sehr empfehlenswert! *bn* Markus Jäger</marc:subfield>
   </marc:datafield>
   <marc:datafield ind1=" " ind2=" " tag="020">
      <marc:subfield code="a">97838578739</marc:subfield>
      <marc:subfield code="9">97838578739</marc:subfield>
   </marc:datafield>
   <marc:datafield ind1=" " ind2=" " tag="020">
      <marc:subfield code="a">3857873981</marc:subfield>
      <marc:subfield code="9">3857873981</marc:subfield>
   </marc:datafield>
   <marc:datafield ind1=" " ind2=" " tag="500">
      <marc:subfield code="a">Übers. aus dem Arab.</marc:subfield>
   </marc:datafield>
   <marc:datafield ind1=" " ind2=" " tag="300">
      <marc:subfield code="a">176 S.</marc:subfield>
   </marc:datafield>
</marc:record>
